Normal view
MARC view
- Briggs, Anthony.
Entry Personal Name
001 - CONTROL NUMBER
- control field: 10118
003 - CONTROL NUMBER IDENTIFIER
- control field: NUST
005 - DATE AND TIME OF LATEST TRANSACTION
- control field: 20180309105320.0
008 - FIXED-LENGTH DATA ELEMENTS
- fixed length control field: 180309|| aca||aabn | a|a d
040 ## - CATALOGING SOURCE
- Original cataloging agency: NUST
- Transcribing agency: NUST
100 ## - HEADING--PERSONAL NAME
- Personal name: Briggs, Anthony.
670 ## - SOURCE DATA FOUND
- Source citation: Work cat.: (NUST)0: Tolstoy, Leo, graf, 1828-1910. 10115, War and peace /, 2005.
